UFC: Most Individual Career Knockouts - Statistics

General Stats
  • This quiz has been taken 269 times
  • The average score is 5 of 12
Answer Stats
Years Country Division Bouts KOs Answer % Correct
2014-2021* USA HW 21 12 Derrick Lewis
89%
2006-2020 BRA MW/LHW 25 Anderson Silva
75%
2015-2021* CMR HW 13 10 Francis Ngannou
67%
2006-2017 ENG MW/LHW 29 Michael Bisping
55%
2008-2020 BRA HW 23 Junior dos Santos
45%
2011-2021* USA WW/LW 37 Donald Cerrone
36%
1997-2018 BRA HW/LHW/MW/CW 25 Vitor Belfort
36%
1998-2010 USA LHW 23 Chuck Liddell
30%
2007-2017 USA LHW/MW 19 11 Anthony Johnson
28%
2008-2019 USA HW 15 Cain Velasquez
26%
2008-2021* USA WW 28 Matt Brown
19%
2013-2021* BRA LHW/MW 21 Thiago Santos
14%
No matching quizzes found
Score Distribution
Percent of People with Each Score
Percentile by Number Answered
Your Score History
You have not taken this quiz